| 000 | 00510nam a22001697a 4500 | ||
|---|---|---|---|
| 005 | 20251108173729.0 | ||
| 008 | 250721s2007 xx 000 0 ara d | ||
| 082 | 1 | 4 | _a214/شنا |
| 100 | 1 | _aالشناوى، عبد العزيز | |
| 245 | 1 | 0 | _aقلب القرآن وآيات الرحمن / |
| 264 | 1 |
_aمصر : _bمكتبة الإيمان بالمنصورة، _c2007. |
|
| 300 | _a624 ص. | ||
| 650 | 1 | 7 | _aالعقيده الدينيه |
| 650 | 1 | 7 | _aالايمان |
| 942 |
_2ddc _cBK |
||
| 999 |
_c111006 _d111006 |
||